000
00255nam a2200109Ia 4500
008
230724s1999 xx und d
041
_a
eng
100
_a
RACHNAVALI R.
245
_a
CREATIVE UNITY RABINDRANATH TAGORE.
260
_c
1999
300
_a
206
999
_c
1172860
_d
1172860